| 000 | 01178nac a22002651u 4500 | ||
|---|---|---|---|
| 010 | _a 97065526 | ||
| 020 | _a1884207170 | ||
| 035 | _a(OCoLC)36576504 | ||
| 082 | 0 | 0 |
_a668.4 _bPLA |
| 090 |
_c9630 _d9630 |
||
| 100 | _a20080729 | ||
| 245 | 0 | 0 |
_aHandbook of plastics joining : _ba practical guide / _cPlastics Design Library. |
| 260 |
_aNorwich, N.Y. : _bThe Library,1997 _cc1997. |
||
| 300 |
_aii, 586 p. : _bill. ; _c29 cm. |
||
| 440 | 0 | _aPDL handbook series | |
| 500 | _a"Is a unique reference publication that provides detailed descriptions of joining processes and an extensive compilation of data on the joining of particular plastic materials" -- Introd. | ||
| 500 | _adistributer: Al-Ahram | ||
| 504 | _aIncludes bibliographical references (p. [551]-559) and index. | ||
| 511 | _acatalogued by: wessam | ||
| 650 | 0 |
_aPlastics _xWelding _xHandbooks, manuals, etc. |
|
| 710 | 2 | _aPlastics Design Library. | |
| 856 | 4 | 2 |
_3Publisher description _uhttp://www.loc.gov/catdir/description/wap041/97065526.html |
| 856 | 4 | 2 |
_3Table of contents _uhttp://www.loc.gov/catdir/toc/wap041/97065526.html |
| 942 |
_cBB _k668.4PLA |
||
| 999 |
_c9630 _d9630 |
||